000 00291nam a22001097a 4500
008 170105b xxu||||| |||| 00| 0 eng d
020 _a9780323066556
041 _aeng
080 _23RD
_a618.2
245 _aFOUNDATIONS OF NURSING IN THE COMMUNITY
_cSTANHOPE, M & LANCASTERM J
942 _2udc
_cBK
999 _c2583
_d2583